Elenca la formazione - Quiz n°121 - Statistics

Statistiche generali
  • Questo quiz è stato fatto 77 volte
  • Il punteggio medio è 5 su 11
Statistiche sulle risposte
Ruolo Nazione Calciatore % Corretto
Difensore Ecuador Antonio Valencia
96%
Attaccante Paesi Bassi Robin van Persie
83%
Trequartista Messico Javier Hernández
75%
Centrocampista Inghilterra Michael Carrick
61%
Ala Giappone Shinji Kagawa
59%
Difensore Inghilterra Phil Jones
55%
Centrocampista Brasile Anderson
24%
Difensore Inghilterra Jonny Evans
21%
Portiere Danimarca Anders Lindegaard
10%
Difensore Paesi Bassi Alexander Büttner
1%
Ala Inghilterra Tom Cleverley
1%
Nessun quiz corrispondente trovato
Distribuzione punteggi
Percentuale di utenti per punteggio
Percentile per numero di risposta
I tuoi punteggi nel tempo
Non hai fatto questo quiz